000 00862na a2200265 4500
001 20373
003 MIRAKIL
005 20181213155100.0
008 170119b tu 000 0
035 _a20373
040 _aMilas
_btur
_cTR-AnCHP
041 _atur
082 _a338.9
_bİ52t 1973
090 _a338.9 İ52t 1973
100 _aİnan, Afet
245 _aTürkiye Cumhuriyetinin ikinci sanayi planı 1936
_cAfet İnan
260 _aAnkara
_bTürk Tarih Kurumu Basımevi
_c1973
300 _a356 s.
_bktl. hrt.; grf.
_c24 sm.
440 _aTürk Tarih Kurumu Yayınlarından
_nxıv. seri
_v21
500 _aBu eser cumhuriyetin 50. yıl dönümü anısına adanmıştır.
500 _aMetin dışında 9 harita, 5 kroki, 1 grafik, 2 cetvel vardır.
650 _aSanayi planı, 2
_zTürkiye
650 _aSanayi
_zTürkiye
942 _2ddc
_cBKS
999 _c6211
_d6211